000 00335nam a2200133Ia 4500
008 240624s9999 xx 000 0 und d
041 _aeng
082 _a303.2 ROW
100 _aROWSON PAULINE
245 _aCOMMUNICATING CONFIDENTLY
260 _c2005
_aNew Delhi
_bInfinity Books
300 _axii, : 156 : p, : 22 : cm.
365 _cRS
999 _c3577
_d3577